| 000 | 00533nam a2200169 a 4500 | ||
|---|---|---|---|
| 005 | 20170323020002.0 | ||
| 008 | 140130b2008 ck ||||| |||| 00| 0 spa d | ||
| 040 |
_aCO-BoIAVH _cCO-BoIAVH |
||
| 041 | _aspa | ||
| 044 | _ack | ||
| 090 |
_aIAVH _b01269 |
||
| 100 |
_aLópez Rivero, Arleth Susana _96047 |
||
| 245 |
_aPlan de acción en biodiversidad, jurisdicción de la CVS Valles de los ríos Sinú y San Jorge, Departamento de Córdoba _binforme final |
||
| 260 |
_aMontería _bIAVH _c2008 |
||
| 300 | _a54 p. | ||
| 942 |
_cINFORME _2z _01 |
||
| 999 |
_c6730 _d6730 |
||